[Event "FIN-chT2 Gp3"]
[Site "Finland"]
[Date "2022.10.16"]
[Round "3.5"]
[White "Dimov, Nikolai"]
[Black "Tiihonen, Ilpo"]
[Result "0-1"]
[WhiteElo "1363"]
[BlackElo "1849"]
[PlyCount "84"]
[EventDate "2022.09.24"]
[EventType "team-tourn"]
[EventRounds "5"]
[EventCountry "FIN"]
[SourceTitle "EXT 2025"]
[Source "ChessBase"]
[SourceDate "2024.10.14"]
[SourceVersion "1"]
[SourceVersionDate "2024.10.14"]
[SourceQuality "1"]
[WhiteTeam "Joensuu SK III"]
[BlackTeam "Helsinki KSK II"]
[WhiteTeamCountry "FIN"]
[BlackTeamCountry "FIN"]

1. c4 Nf6 2. Nc3 d5 3. e3 c5 4. cxd5 Nxd5 5. Nxd5 Qxd5 6. Nf3 g6 7. b3 Bg7 8. Rb1 Bf5 9. Bc4 Qd7 10. Bb2 Bxb1 11. Bxg7 f6 12. Bxh8 Bxa2 13. 0-0 b5 14. Be2 c4 15. bxc4 bxc4 16. Nd4 Na6 17. Bf3 Rc8 18. Qa1 Nb4 19. Rc1 Kf7 20. Bxf6 exf6 21. Qc3 a5 22. h3 Rb8 23. Be2 Rc8 24. f4 Qd5 25. Bf3 Qc5 26. Kh1 f5 27. Kh2 a4 28. g4 Bb3 29. g5 Na2 30. Qb2 a3 31. Qa1 Nxc1 32. Qxc1 a2 33. Qa1 Qd6 34. Qc3 Rb8 35. h4 Rb6 36. h5 Qb4 37. Bd5+ Ke8 38. Qc1 Ra6 39. Bc6+ Kf8 40. Qc3 Qxc3 41. dxc3 a1Q 42. Ne6+ Ke7 0-1